header

Reviews in pharmaceutical and biomedical analysis (Record no. 247561)

MARC details
000 -LEADER
fixed length control field 01146nam a2200277Ia 4500
245 00 - TITLE STATEMENT
Title Reviews in pharmaceutical and biomedical analysis
260 ## - PUBLICATION, DISTRIBUTION, ETC. (IMPRINT)
Place of publication [S.l.] :
Name of publisher Bentham e Books,
Year of publication [2010]
300 ## - PHYSICAL DESCRIPTION
Number of Pages v, 151 p. :
Other physical details ill.
650 #0 - SUBJECT ADDED ENTRY--TOPICAL TERM
Topical Term Drugs
Topical Term Drug monitoring.
700 1# - ADDED ENTRY--PERSONAL NAME
Personal name Tzanavaras, Paraskevas D.
Personal name Zacharis, Constantinos K.
856 40 - ELECTRONIC LOCATION AND ACCESS
Uniform Resource Identifier http://site.ebrary.com/lib/rucke/Doc?id=10447988

No items available.

© 2026 Rongo University
Contact us: librarian | system librarian | Rongo university